Introductory digital signal processing with computer applications (Record no. 8161)
[ view plain ]
| 000 -LEADER | |
|---|---|
| fixed length control field | 00565 a2200169 4500 |
| 020 ## - INTERNATIONAL STANDARD BOOK NUMBER | |
| International Standard Book Number | 0471976318 (alk. paper) |
| 040 ## - CATALOGING SOURCE | |
| Original cataloging agency | DLC |
| Language of cataloging | DLC |
| 100 1# - MAIN ENTRY--PERSONAL NAME | |
| Personal name | Lynn, Paul A. |
| 245 10 - TITLE STATEMENT | |
| Title | Introductory digital signal processing with computer applications |
| Statement of responsibility, etc. | Paul A. Lynn, Wolfgang Fuerst. |
| 250 ## - EDITION STATEMENT | |
| Edition statement | 2nd ed. |
| 260 ## - PUBLICATION, DISTRIBUTION, ETC. | |
| Place of publication, distribution, etc. | New York : |
| Name of publisher, distributor, etc. | John Wiley, |
| Date of publication, distribution, etc. | 1997. |
| 300 ## - PHYSICAL DESCRIPTION | |
| Extent | 479 p. : |
| Other physical details | ill. |
| 650 #0 - SUBJECT ADDED ENTRY--TOPICAL TERM | |
| Topical term or geographic name entry element | Signal processing |
| General subdivision | Digital techniques. |
| 650 #0 - SUBJECT ADDED ENTRY--TOPICAL TERM | |
| Topical term or geographic name entry element | Signal processing |
| General subdivision | Digital techniques |
| -- | Computer programs. |
| 700 1# - ADDED ENTRY--PERSONAL NAME | |
| Personal name | Fuerst, Wolfgang. |
| 942 ## - ADDED ENTRY ELEMENTS (KOHA) | |
| Koha item type | Book |
| Call number prefix | 621.382 LYN |
| Source of classification or shelving scheme | |
| Withdrawn status | Lost status | Damaged status | Not for loan | Collection code | Permanent Location | Current Location | Shelving location | Date acquired | Source of acquisition | Cost, normal purchase price | Total Checkouts | Full call number | Barcode | Date last seen | Price effective from | Koha item type |
|---|---|---|---|---|---|---|---|---|---|---|---|---|---|---|---|---|
| Central Library (CL) | Central Library (CL) | General Stacks | 07/04/2003 | Allied Book Company | 2209.39 | 621.382 LYN | SEECS003618 | 11/14/2012 | 01/05/2017 | Book |
